Najdôležitejšou podmienkou pre príchod zahraničných investorov je politická stabilita, ktorá je dôležitejšia ako finančné a daňové stimuly

Saved in:
Bibliographic Details
Main Author: Čerňák, Jozef, 1963-
Format: Book Chapter
Language:Slovak
Tags: Add Tag
No Tags, Be the first to tag this record!

MARC

LEADER 00000naa a2200000 4500
001 0295666
005 20240417075244.3
041 0 |a slo 
044 |a SK 
245 1 0 |a Najdôležitejšou podmienkou pre príchod zahraničných investorov je politická stabilita, ktorá je dôležitejšia ako finančné a daňové stimuly  |c Jozef Čerňák 
100 1 |a Čerňák, Jozef, 1963-